LIBRARY & INFORMATION CENTRE, KCAET, TAVANUR

ONLINE PUBLIC ACCESS CATALOGUE (OPAC)

Velutha Kutty / (Record no. 55)

MARC details
000 -LEADER
fixed length control field 00349cam a2200157ua 4500
003 - CONTROL NUMBER IDENTIFIER
control field @
008 - FIXED-LENGTH DATA ELEMENTS--GENERAL INFORMATION
fixed length control field 240115b |||||||| |||| 00| 0 eng d
041 ## - LANGUAGE CODE
Language code of text/sound track or separate title mal
082 ## - DEWEY DECIMAL CLASSIFICATION NUMBER
Classification number 894.812301
Item number URO/VE
100 ## - MAIN ENTRY--AUTHOR NAME
Personal name Uroob, .
245 ## - TITLE STATEMENT
Title Velutha Kutty /
260 ## - PUBLICATION, DISTRIBUTION, ETC. (IMPRINT)
Place of publication Thrissur :
Name of publisher Current Books ,
Year of publication 1985.
300 ## - PHYSICAL DESCRIPTION
Number of Pages 158 ; .
942 ## - ADDED ENTRY ELEMENTS (KOHA)
Koha item type Books
003 - CONTROL NUMBER IDENTIFIER
control field OSt
Holdings
Withdrawn status Lost status Damaged status Home library Current library Date acquired Full call number Accession Number Koha item type
Withdrawn     Malayalam University KAUAET 07/04/2012 894.812301 5614 Books
Withdrawn     KAUAET Sanskrit University 07/04/2012 894.812301 200 Books
free website counter